02039nam a22002297a 4500008004100000020001800041040000800059041000800067050002700075100003300102245003600135260004500171300002400216520133500240650003901575650002601614650002501640650002801665942000801693952009301701999001501794251029b |||||||| |||| 00| 0 eng d a9798217091508 cTBS aeng aPR6113.E473 bB59 2024 aMellors, Coco925452eauthor aBlue sisters :c/ Coco Mellors. aNew York, NY :bBallantine Books,c2024. a342 pages ;c21 cm. aThree estranged siblings return to their family home in New York after their beloved sister's death in this unforgettable story of grief, identity, and the complexities of family, from the acclaimed author of Cleopatra and Frankenstein. The three Blue sisters are exceptional -- and exceptionally different. Avery, the eldest and a recovering heroin addict turned strait-laced lawyer, lives with her wife in London; Bonnie, a former boxer, works as a bouncer in Los Angeles following a devastating defeat; and Lucky, the youngest, models in Paris while trying to outrun her hard-partying ways. They also had a fourth sister, Nicky, whose unexpected death left Avery, Bonnie, and Lucky reeling. A year later, as they each navigate grief, addiction, and ambition, they find they must return to New York to stop the sale of the apartment they were raised in. But coming home is never as easy as it seems. As the sisters reckon with the disappointments of their childhood and the loss of the only person who held them together, they realize that the greatest secrets they've been keeping might not have been from each other, but from themselves. Imbued with Coco Mellors's signature combination of humor and heart, Blue Sisters is a story of what it takes to keep living after loss -- and, ultimately, to fall in love with life again. 0aEstranged familiesvFiction926381 0aGriefvFiction924357 0aHomevFiction926382 0aSistersvFiction922940 2lcc 00102lcc4070aTBSbTBSd2025-10-29l0oP-EN MELpB05679r2025-10-29t1w2025-10-29y1 c5123d5123